<?xml version="1.0" encoding="UTF-8"?>
<record
    xmlns:xsi="http://www.w3.org/2001/XMLSchema-instance"
    xsi:schemaLocation="http://www.loc.gov/MARC21/slim http://www.loc.gov/standards/marcxml/schema/MARC21slim.xsd"
    xmlns="http://www.loc.gov/MARC21/slim">

  <leader>02419nam a2200349 i 4500</leader>
  <controlfield tag="001">000047339</controlfield>
  <controlfield tag="003">DO-SdBNP</controlfield>
  <controlfield tag="005">20240516115415.0</controlfield>
  <controlfield tag="007">ta</controlfield>
  <controlfield tag="008">180504s2016    dr d    001 0 spa d</controlfield>
  <datafield tag="020" ind1=" " ind2=" ">
    <subfield code="a">9789945901658</subfield>
  </datafield>
  <datafield tag="040" ind1=" " ind2=" ">
    <subfield code="a">DO-SdBNP</subfield>
    <subfield code="b">spa</subfield>
    <subfield code="c">BPMSU</subfield>
    <subfield code="e">rda</subfield>
  </datafield>
  <datafield tag="082" ind1=" " ind2="4">
    <subfield code="a">338.2097293</subfield>
    <subfield code="b">M938o 2016</subfield>
    <subfield code="2">22</subfield>
  </datafield>
  <datafield tag="100" ind1="1" ind2=" ">
    <subfield code="a">Moya Pons, Frank,</subfield>
    <subfield code="d">1944-</subfield>
    <subfield code="e">autor</subfield>
  </datafield>
  <datafield tag="245" ind1="1" ind2="3">
    <subfield code="a">El oro en la historia dominicana /</subfield>
    <subfield code="c">Frank Moya Pons ;  coordinaci&#xF3;n, edici&#xF3;n e &#xED;ndices: Jos&#xE9; Chez Checo </subfield>
  </datafield>
  <datafield tag="264" ind1=" " ind2="4">
    <subfield code="a">Santo Domingo :</subfield>
    <subfield code="b">Academia Dominicana de la Historia,</subfield>
    <subfield code="c">2016.</subfield>
  </datafield>
  <datafield tag="300" ind1=" " ind2=" ">
    <subfield code="a">414, (37) p&#xE1;ginas ;</subfield>
    <subfield code="c">24 cm.</subfield>
  </datafield>
  <datafield tag="336" ind1=" " ind2=" ">
    <subfield code="2">rdacontent </subfield>
    <subfield code="a">texto</subfield>
    <subfield code="b">txt</subfield>
  </datafield>
  <datafield tag="337" ind1=" " ind2=" ">
    <subfield code="2">rdamedia</subfield>
    <subfield code="a">sin mediaci&#xF3;n</subfield>
    <subfield code="b">n</subfield>
  </datafield>
  <datafield tag="338" ind1=" " ind2=" ">
    <subfield code="2">rdacarrier</subfield>
    <subfield code="a">volumen</subfield>
    <subfield code="b">nc</subfield>
  </datafield>
  <datafield tag="490" ind1="0" ind2=" ">
    <subfield code="a">Academia Dominicana de la Historia,</subfield>
    <subfield code="v">140   </subfield>
  </datafield>
  <datafield tag="500" ind1=" " ind2=" ">
    <subfield code="a">Incluye &#xED;ndice geogr&#xE1;fico e &#xED;ndice onom&#xE1;stico</subfield>
  </datafield>
  <datafield tag="500" ind1=" " ind2=" ">
    <subfield code="a">Incluye referencias bibliogr&#xE1;ficas y notas a pie de las p&#xE1;ginas</subfield>
  </datafield>
  <datafield tag="504" ind1=" " ind2=" ">
    <subfield code="a">Bibliograf&#xED;a : p. 381-392</subfield>
  </datafield>
  <datafield tag="505" ind1="0" ind2=" ">
    <subfield code="a">Pr&#xF3;logo, 9.-- Primera parte. El oro en los comienzos coloniales. El oro de Europa, 17.-- El oro de los ta&#xED;nos, 22.-- El oro de Col&#xF3;n, 33.-- Las arenas de oro, 44.-- Miner&#xED;a y encomiendas, 52.-- Oro y moneda, 66.-- Las cifras del oro, 71.-- Sin indios no hab&#xED;a oro, 79.-- La declinaci&#xF3;n del oro, 91.-- Segunda parte. Buscando oro por todas partes. Un buscador de oro, 107.-- La nostalgia del oro, 113.-- Los ingleses buscan oro, 118.-- Oro y pol&#xED;tica en 1844, 129.-- Los americanos quieren oro, 132.-- El Estado fomenta la miner&#xED;a, 142.-- El oro de las concesiones, 148.-- Heureaux y el oro, 155.-- De leyes y concesiones, 163.-- Lavando oro, 167.-- Trujillo y el oro, 177.-- Aluviones de oro, 191.-- Exportaciones de oro, 209.-- Tercera parte. La historia de Pueblo Viejo. Los exploradores italianos, 219.-- La Rosario Dominicana, 233.-- &#xD3;xidos, sulfuros y refiner&#xED;a de oro, 273.-- De Rosario Dominicana a Placer Dome, 280.-- Barrick en Pueblo Viejo, 286.-- El Gobierno quiere oro, 318.-- Prospecciones y explotaciones nuevas, 367.-- Nota final, 377.-- Fuentes citadas, 379.-- &#xCD;ndices, 393.-- El autor, 413.-- Ap&#xE9;ndice, 415.</subfield>
  </datafield>
  <datafield tag="590" ind1=" " ind2=" ">
    <subfield code="a">Inventariado, 2024/ VM</subfield>
  </datafield>
  <datafield tag="650" ind1=" " ind2="4">
    <subfield code="a">Minas de oro </subfield>
    <subfield code="x">Historia  </subfield>
    <subfield code="z">Rep&#xFA;blica Dominicana</subfield>
  </datafield>
  <datafield tag="650" ind1=" " ind2="4">
    <subfield code="a">Industria minera </subfield>
    <subfield code="x">Historia</subfield>
    <subfield code="z">Rep&#xFA;blica Dominicana</subfield>
  </datafield>
  <datafield tag="700" ind1="1" ind2=" ">
    <subfield code="a"> Chez Checo, Jos&#xE9;</subfield>
    <subfield code="e">edici&#xF3;n </subfield>
  </datafield>
  <datafield tag="910" ind1=" " ind2=" ">
    <subfield code="a">VMateo V. Control de calidad BPMSU</subfield>
  </datafield>
  <datafield tag="942" ind1=" " ind2=" ">
    <subfield code="2">ddc</subfield>
    <subfield code="c">BK</subfield>
  </datafield>
  <datafield tag="952" ind1=" " ind2=" ">
    <subfield code="0">0</subfield>
    <subfield code="1">0</subfield>
    <subfield code="2">ddc</subfield>
    <subfield code="4">0</subfield>
    <subfield code="7">0</subfield>
    <subfield code="8">CD</subfield>
    <subfield code="a">BPMET</subfield>
    <subfield code="b">BPMET</subfield>
    <subfield code="d">2024-05-15</subfield>
    <subfield code="l">0</subfield>
    <subfield code="o">BPMSU CD 338.2097293 M938o 2016</subfield>
    <subfield code="p">BPMSU24050001</subfield>
    <subfield code="r">2024-05-15</subfield>
    <subfield code="w">2024-05-15</subfield>
    <subfield code="y">BK</subfield>
  </datafield>
  <datafield tag="952" ind1=" " ind2=" ">
    <subfield code="0">0</subfield>
    <subfield code="1">0</subfield>
    <subfield code="2">ddc</subfield>
    <subfield code="4">0</subfield>
    <subfield code="7">0</subfield>
    <subfield code="8">CD</subfield>
    <subfield code="a">BPMET</subfield>
    <subfield code="b">BPMET</subfield>
    <subfield code="d">2024-05-15</subfield>
    <subfield code="l">0</subfield>
    <subfield code="o">BPMSU CD 338.2097293 M938o 2016</subfield>
    <subfield code="p">BPMSU24050002</subfield>
    <subfield code="r">2024-05-15</subfield>
    <subfield code="t">e.2</subfield>
    <subfield code="w">2024-05-15</subfield>
    <subfield code="y">BK</subfield>
  </datafield>
  <datafield tag="952" ind1=" " ind2=" ">
    <subfield code="0">0</subfield>
    <subfield code="1">0</subfield>
    <subfield code="2">ddc</subfield>
    <subfield code="4">0</subfield>
    <subfield code="7">0</subfield>
    <subfield code="8">CD</subfield>
    <subfield code="a">BPMET</subfield>
    <subfield code="b">BPMET</subfield>
    <subfield code="d">2024-05-15</subfield>
    <subfield code="l">0</subfield>
    <subfield code="o">BPMSU CD 338.2097293 M938o 2016</subfield>
    <subfield code="p">BPMSU24050003</subfield>
    <subfield code="r">2024-05-15</subfield>
    <subfield code="t">e.3</subfield>
    <subfield code="w">2024-05-15</subfield>
    <subfield code="y">BK</subfield>
  </datafield>
  <datafield tag="999" ind1=" " ind2=" ">
    <subfield code="c">14641</subfield>
    <subfield code="d">14641</subfield>
  </datafield>
</record>
